00765nam a2200169 a 450000100100000000500170001000800410002704000250006808200150009310000290010824501180013726000780025530000210033370000440035495201800039899900170057800003322020200930070115.0110823s1947 mx 000 0 spa d aDO-SdBNPbspacBNPHU axxxbC719v1 aColón, Hernando95885210aVida del almirante don Cristóbal Colón /cHernando Colón ; edición, prólogo y notas de Ramón Iglesia. aMexico :aBuenos Aires, Argentina :bFondo de Cultura Económica,c1947. a343 p. ;c22 cm.1 aIglesia, Ramón,epról.,eed.958853 001050718RVaGRbGRcCTd2011-08-23iLF1l0oxxx C719vp33220-10r2020-06-25w2020-06-25y1zPerteneció a la biblioteca personal de Carlos Larrazabal BlancoZNo se presta c32711d32711